[Event "Bratto op-A 27th"]
[Site "Bratto"]
[Date "2007.08.28"]
[Round "6"]
[White "Lampl, Gerald"]
[Black "Bracaglia, Carlo"]
[Result "0-1"]
[WhiteElo "2099"]
[BlackElo "2134"]
[PlyCount "102"]
[EventDate "2007.08.23"]
[EventType "swiss"]
[EventRounds "9"]
[EventCountry "ITA"]
[SourceTitle "CBM 120 Extra"]
[Source "ChessBase"]
[SourceDate "2007.11.01"]
[SourceVersion "1"]
[SourceVersionDate "2007.11.01"]
[SourceQuality "1"]

1. d4 Nf6 2. c4 c5 3. d5 e6 4. Nc3 exd5 5. cxd5 d6 6. e4 g6 7. Bd3 Bg7 8. Nge2 0-0 9. 0-0 a6 10. a4 Qc7 11. Ng3 Nbd7 12. Be2 Re8 13. Be3 h5 14. f3 Nf8 15. h3 N8h7 16. Bc4 Qe7 17. Qd2 Bd7 18. Nh1 h4 19. Rae1 Nh5 20. f4 b5 21. axb5 axb5 22. Be2 b4 23. Nd1 Ng3 24. Nxg3 hxg3 25. Bf3 Bb5 26. e5 Bxf1 27. Rxf1 Rad8 28. Qc2 dxe5 29. fxe5 Bxe5 30. Qxc5 Qxc5 31. Bxc5 Nf6 32. Bxb4 Bd4+ 33. Kh1 Nxd5 34. Be1 Be5 35. Nc3 Nxc3 36. Bxc3 Bxc3 37. bxc3 Re3 38. c4 Kg7 39. Bd5 f5 40. Bf3 Rc3 41. Bd5 Rb8 42. Kg1 Rb2 43. Ra1 Kf6 44. Re1 Kg5 45. Rf1 Rbc2 46. Bf7 Rc1 47. Bd5 Kh4 48. Bf7 Kg5 49. Bd5 Kf6 50. Bg8 Ke5 51. c5 Kd4 0-1

[Event "Bratto op-A 27th"]
[Site "Bratto"]
[Date "2007.08.27"]
[Round "5"]
[White "Bracaglia, Carlo"]
[Black "Melotti, Dario"]
[Result "0-1"]
[WhiteElo "2134"]
[BlackElo "2067"]
[PlyCount "48"]
[EventDate "2007.08.23"]
[EventType "swiss"]
[EventRounds "9"]
[EventCountry "ITA"]
[SourceTitle "CBM 120 Extra"]
[Source "ChessBase"]
[SourceDate "2007.11.01"]
[SourceVersion "1"]
[SourceVersionDate "2007.11.01"]
[SourceQuality "1"]

1. e4 e6 2. d4 d5 3. e5 c5 4. c3 Nc6 5. Nf3 Qb6 6. a3 Nh6 7. b4 cxd4 8. cxd4 Nf5 9. Be3 Bd7 10. Nc3 Nxe3 11. fxe3 Nxb4 12. Be2 Rc8 13. Rc1 Qa5 14. Qb3 Na2 15. Qxa2 Rxc3 16. 0-0 Bxa3 17. Rb1 Qc7 18. Ng5 0-0 19. Bg4 Be7 20. Qxa7 Bxg5 21. Rxb7 Bxe3+ 22. Kh1 Rc1 23. Bd1 Qc4 24. Re1 Qc3 0-1

[Event "Campodarsego op 17th"]
[Site "Campodarsego"]
[Date "2006.01.22"]
[Round "5"]
[White "Bonafede, Alessandro"]
[Black "Bracaglia, Carlo"]
[Result "1-0"]
[WhiteElo "2115"]
[BlackElo "2162"]
[PlyCount "63"]
[EventDate "2006.01.20"]
[EventType "swiss"]
[EventRounds "5"]
[EventCountry "ITA"]
[SourceTitle "EXT 2007"]
[Source "ChessBase"]
[SourceDate "2006.11.23"]
[SourceVersion "1"]
[SourceVersionDate "2006.11.23"]
[SourceQuality "1"]

1. e4 c5 2. Nf3 Nc6 3. d4 cxd4 4. Nxd4 g6 5. c4 Bg7 6. Nc2 Nf6 7. Nc3 0-0 8. Be2 d6 9. 0-0 a5 10. Na3 Nd7 11. Nab5 Nc5 12. Bg4 Be6 13. Bxe6 fxe6 14. Be3 b6 15. Qe2 Qc8 16. f4 Qb7 17. Rad1 Rf7 18. Qg4 e5 19. f5 gxf5 20. exf5 Kh8 21. Qh5 Raf8 22. Nd5 e4 23. Nbc7 Qc8 24. g4 Ne5 25. Bxc5 bxc5 26. Ne6 Nf3+ 27. Rxf3 exf3 28. Ng5 Bd4+ 29. Rxd4 f2+ 30. Kxf2 cxd4 31. Nxf7+ Kg7 32. Qh6+ 1-0

[Event "Porto San Giorgio op 16th"]
[Site "Porto San Giorgio"]
[Date "2004.08.25"]
[Round "5"]
[White "Tomescu, Vlad"]
[Black "Bracaglia, Carlo"]
[Result "1-0"]
[WhiteElo "2397"]
[BlackElo "2166"]
[PlyCount "100"]
[EventDate "2004.08.21"]
[EventType "swiss"]
[EventRounds "9"]
[EventCountry "ITA"]
[SourceTitle "CBM 101 Extra"]
[Source "ChessBase"]
[SourceDate "2004.09.01"]
[SourceVersion "2"]
[SourceVersionDate "2004.09.01"]
[SourceQuality "1"]

1. d4 Nf6 2. c4 c5 3. d5 e6 4. Nc3 exd5 5. cxd5 d6 6. e4 g6 7. f4 Bg7 8. Bb5+ Nfd7 9. a4 0-0 10. Nf3 Na6 11. 0-0 Nb4 12. Re1 a6 13. Bf1 Re8 14. h3 Rb8 15. Bd2 Nf8 16. Qb3 Bd7 17. g4 b5 18. axb5 axb5 19. Kh2 h5 20. gxh5 gxh5 21. Nd1 Ng6 22. Ra7 Bh6 23. Ng5 Bxg5 24. fxg5 Re5 25. Nf2 Ra8 26. Rea1 Rxa7 27. Rxa7 Kh7 28. Kh1 Be8 29. Qf3 Rxg5 30. Bxg5 Qxg5 31. Kh2 Ne5 32. Qg3 Qf6 33. Kg2 Nc2 34. h4 Nd4 35. Ra8 Qe7 36. Nh3 Ng4 37. Bd3 Kg7 38. Qf4 Ne5 39. Qg3+ Ng4 40. Nf2 Bd7 41. Ra7 c4 42. Nxg4 hxg4 43. Bb1 b4 44. Qxg4+ Bxg4 45. Rxe7 Bd1 46. Rc7 Bb3 47. Rb7 Nc2 48. Kg3 Kf6 49. Kf4 Ba4 50. Bxc2 Bxc2 1-0

[Event "Padova op"]
[Site "Padova"]
[Date "2000.12.07"]
[Round "6"]
[White "Van Hoolandt, Patrick"]
[Black "Bracaglia, Carlo"]
[Result "1-0"]
[WhiteElo "2169"]
[BlackElo "2134"]
[PlyCount "65"]
[EventDate "2000.12.02"]
[EventType "swiss"]
[EventRounds "9"]
[EventCountry "ITA"]
[SourceTitle "CBM 079 Extra"]
[Source "ChessBase"]
[SourceDate "2001.01.11"]
[SourceVersion "2"]
[SourceVersionDate "2001.01.25"]
[SourceQuality "1"]

1. c4 Nf6 2. g3 g6 3. Bg2 Bg7 4. Nc3 e5 5. Nf3 d6 6. 0-0 0-0 7. d3 Nc6 8. Rb1 a5 9. a3 Nh5 10. b4 axb4 11. axb4 Ne7 12. b5 f5 13. Qb3 Kh8 14. Bb2 h6 15. Ra1 Rb8 16. Ra7 g5 17. Nd2 g4 18. Rfa1 Ng6 19. Ra8 Rxa8 20. Rxa8 Qg5 21. Qd1 e4 22. Nf1 exd3 23. f3 Ne5 24. Nd5 Nxc4 25. Bxg7+ Qxg7 26. Qxd3 Ne5 27. Qd4 Nf6 28. Nd2 Nxd5 29. Qxd5 Qg8 30. b6 cxb6 31. Qxd6 Nxf3+ 32. Nxf3 gxf3 33. Qxh6+ 1-0

[Event "Padova op"]
[Site "Padova"]
[Date "2000.12.04"]
[Round "3"]
[White "Bracaglia, Carlo"]
[Black "Mrdja, Milan"]
[Result "1/2-1/2"]
[WhiteElo "2134"]
[BlackElo "2431"]
[PlyCount "100"]
[EventDate "2000.12.02"]
[EventType "swiss"]
[EventRounds "9"]
[EventCountry "ITA"]
[SourceTitle "CBM 079 Extra"]
[Source "ChessBase"]
[SourceDate "2001.01.11"]
[SourceVersion "2"]
[SourceVersionDate "2001.01.25"]
[SourceQuality "1"]

1. e4 Nf6 2. Nc3 d5 3. e5 Nfd7 4. f4 d4 5. Ne4 e6 6. Nf3 Nc5 7. d3 Nxe4 8. dxe4 c5 9. Bd3 Nc6 10. 0-0 Qc7 11. Bd2 Be7 12. Qe1 Bd7 13. Qg3 g6 14. Kh1 0-0-0 15. a3 Kb8 16. Rfb1 a5 17. Qf2 h6 18. b4 cxb4 19. axb4 Bxb4 20. Bxb4 Nxb4 21. Nxd4 b6 22. Bf1 Qc5 23. c3 Be8 24. cxb4 Qxd4 25. Qxd4 Rxd4 26. bxa5 b5 27. Bxb5 Bxb5 28. Rxb5+ Ka8 29. Rc1 Rb8 30. Rxb8+ Kxb8 31. Ra1 Rxe4 32. g3 g5 33. fxg5 hxg5 34. Rf1 Rxe5 35. Rxf7 Rxa5 36. Kg2 Kc8 37. Kh3 Kd8 38. Kg4 Ke8 39. Rg7 Kf8 40. Rxg5 Ra2 41. h4 Kf7 42. Kh5 Re2 43. g4 e5 44. Kh6 e4 45. Ra5 Rd2 46. Ra7+ Ke6 47. g5 e3 48. Ra3 e2 49. Re3+ Kf5 50. g6 Rd6 1/2-1/2

[Event "Padova op"]
[Site "Padova"]
[Date "2000.12.02"]
[Round "1"]
[White "Bracaglia, Carlo"]
[Black "Djuric, Stefan"]
[Result "0-1"]
[WhiteElo "2134"]
[BlackElo "2472"]
[PlyCount "98"]
[EventDate "2000.12.02"]
[EventType "swiss"]
[EventRounds "9"]
[EventCountry "ITA"]
[SourceTitle "CBM 079 Extra"]
[Source "ChessBase"]
[SourceDate "2001.01.11"]
[SourceVersion "2"]
[SourceVersionDate "2001.01.25"]
[SourceQuality "1"]

1. e4 c5 2. Nc3 a6 3. g3 b5 4. Bg2 Bb7 5. d3 Nf6 6. Nge2 e6 7. Nf4 d6 8. 0-0 Nbd7 9. Re1 Rb8 10. a4 b4 11. Nb1 g6 12. Nd2 Bg7 13. Nc4 Ne5 14. Nxe5 dxe5 15. Nh3 Qc7 16. b3 0-0 17. g4 Rbd8 18. Qe2 Nd7 19. g5 Qd6 20. Be3 Nb8 21. f3 Nc6 22. Nf2 Nd4 23. Qd1 h5 24. gxh6 Bh8 25. Nh3 Rd7 26. Rf1 f5 27. Ng5 Bf6 28. Nh3 Rh7 29. Rc1 f4 30. Bd2 Bh4 31. Be1 Rxh6 32. Bxh4 Rxh4 33. Nf2 Qb6 34. Kh1 Kg7 35. Ng4 Rfh8 36. Rf2 Bc6 37. Bf1 c4 38. Rg2 c3 39. Nxe5 Be8 40. Ng4 Qc5 41. Be2 Qh5 42. Qg1 e5 43. Bd1 Bd7 44. Qf2 Bxg4 45. fxg4 Qg5 46. Ra1 Rh3 47. Qg1 f3 48. Rf2 Qf4 49. a5 Rxh2+ 0-1

[Event "Montecatini Terme op"]
[Site "Montecatini Terme"]
[Date "2000.??.??"]
[Round "1"]
[White "Bracaglia, Carlo"]
[Black "Borgo, Giulio"]
[Result "0-1"]
[WhiteElo "2134"]
[BlackElo "2391"]
[PlyCount "104"]
[EventDate "2000.07.??"]
[EventType "swiss"]
[EventRounds "9"]
[EventCountry "ITA"]
[SourceTitle "EXT 2001"]
[Source "ChessBase"]
[SourceDate "2000.11.22"]
[SourceVersion "1"]
[SourceVersionDate "2000.11.22"]
[SourceQuality "1"]

1. e4 c5 2. Nf3 e6 3. d4 cxd4 4. Nxd4 Nc6 5. Nc3 a6 6. Be2 d6 7. 0-0 Nf6 8. Be3 Bd7 9. Nb3 Na5 10. Qd4 Be7 11. Rad1 0-0 12. f4 Bc6 13. e5 Nxb3 14. axb3 dxe5 15. Qxe5 Qb8 16. Bf3 Rc8 17. Qxb8 Raxb8 18. Bd4 Bxf3 19. Rxf3 Rc6 20. Be5 Rbc8 21. Rfd3 h6 22. Bd6 Kf8 23. h3 b5 24. b4 Rc4 25. Bxe7+ Kxe7 26. Rd4 g5 27. fxg5 hxg5 28. Rd6 Rxb4 29. Rxa6 Rxb2 30. Ra7+ Kf8 31. Rf1 Kg7 32. Nd1 Rbxc2 33. Rb7 R8c5 34. Ne3 Rc1 35. Rxc1 Rxc1+ 36. Kf2 Rc5 37. Ke2 Nd5 38. Ng4 Nf4+ 39. Kf3 Kg6 40. Ne3 Nd5 41. Ng4 f6 42. Nf2 Rc3+ 43. Ke2 b4 44. Nd3 b3 45. g4 Nf4+ 46. Nxf4+ gxf4 47. h4 Rh3 48. h5+ Kg5 49. Rg7+ Kh4 50. h6 b2 51. h7 b1Q 52. h8Q+ Kg3 0-1

[Event "Padova op-A 1st"]
[Site "Padova"]
[Date "1998.12.17"]
[Round "6"]
[White "Chatalbashev, Boris"]
[Black "Bracaglia, Carlo"]
[Result "1-0"]
[WhiteElo "2535"]
[BlackElo "2135"]
[PlyCount "65"]
[EventDate "1998.12.12"]
[EventType "swiss"]
[EventRounds "6"]
[EventCountry "ITA"]
[SourceTitle "EXT 2000"]
[Source "ChessBase"]
[SourceDate "1999.11.16"]
[SourceVersion "1"]
[SourceVersionDate "1999.11.16"]
[SourceQuality "1"]

1. d4 Nf6 2. c4 e6 3. Nf3 c5 4. d5 exd5 5. cxd5 d6 6. Nc3 g6 7. g3 Bg7 8. Bg2 0-0 9. 0-0 Re8 10. Nd2 a6 11. a4 Nbd7 12. Nc4 Ne5 13. Nxe5 Rxe5 14. Bf4 Re8 15. Qc2 Ng4 16. Rab1 Ne5 17. b4 cxb4 18. Rxb4 Qc7 19. Qb3 Nf3+ 20. Bxf3 Qxc3 21. Bxd6 Bd7 22. Qxc3 Bxc3 23. Rxb7 Bxa4 24. Rc1 Rac8 25. Rc7 Rxc7 26. Bxc7 Bf6 27. d6 Kg7 28. e3 Bb5 29. Bc6 Bxc6 30. Rxc6 Ra8 31. d7 Bd8 32. Be5+ f6 33. Rc8 1-0

[Event "Padova op-A 1st"]
[Site "Padova"]
[Date "1998.12.13"]
[Round "2"]
[White "Bracaglia, Carlo"]
[Black "Medancic, Rikard"]
[Result "1-0"]
[WhiteElo "2135"]
[BlackElo "2330"]
[PlyCount "123"]
[EventDate "1998.12.12"]
[EventType "swiss"]
[EventRounds "6"]
[EventCountry "ITA"]
[SourceTitle "EXT 2000"]
[Source "ChessBase"]
[SourceDate "1999.11.16"]
[SourceVersion "1"]
[SourceVersionDate "1999.11.16"]
[SourceQuality "1"]

1. e4 e5 2. Nf3 Nc6 3. Nc3 Nf6 4. d4 exd4 5. Nxd4 Bb4 6. Nxc6 bxc6 7. Bd3 d5 8. exd5 cxd5 9. 0-0 0-0 10. Bg5 c6 11. Ne2 h6 12. Bh4 Bg4 13. c3 Be7 14. Qa4 Bd7 15. Qc2 Re8 16. c4 Ne4 17. Bxe7 Qxe7 18. Nc3 Nf6 19. cxd5 cxd5 20. Rfd1 Qe5 21. h3 Rab8 22. Rd2 Qg5 23. Kf1 Kh8 24. Rad1 Rb4 25. Re2 Reb8 26. b3 Be6 27. Re3 Rh4 28. Rg3 Qe5 29. Re1 Qd6 30. Nb5 Qb6 31. Qb2 a6 32. Nc3 Rc8 33. Na4 Qa7 34. Rc1 Rd8 35. Qe2 Rf4 36. Rf3 Rxf3 37. Qxf3 a5 38. Qf4 Kg8 39. Qc7 Qxc7 40. Rxc7 d4 41. Rc5 Nd5 42. Rxa5 Nf4 43. Nc5 Rc8 44. Be4 g5 45. Ra8 Rxa8 46. Bxa8 Kf8 47. Ke1 Bf5 48. Kd2 Ke7 49. b4 Kd6 50. a4 Ne6 51. g4 Nc7 52. Bb7 Be6 53. Kd3 Ke5 54. a5 Ba2 55. a6 Nb5 56. Bc6 Na7 57. b5 Bb1+ 58. Kc4 Ba2+ 59. Kb4 Bb1 60. Bf3 Nc8 61. a7 Nxa7 62. b6 1-0

[Event "Marostica op"]
[Site "Marostica"]
[Date "1997.??.??"]
[Round "8"]
[White "Bracaglia, Carlo"]
[Black "Gallo, Enrico"]
[Result "1/2-1/2"]
[WhiteElo "2110"]
[BlackElo "2225"]
[PlyCount "139"]
[EventDate "1997.??.??"]
[EventType "swiss"]
[EventRounds "9"]
[EventCountry "ITA"]
[SourceTitle "EXT 2000"]
[Source "ChessBase"]
[SourceDate "1999.11.16"]
[SourceVersion "1"]
[SourceVersionDate "1999.11.16"]
[SourceQuality "1"]

1. e4 e5 2. Nf3 Nc6 3. Bc4 Nf6 4. d3 Be7 5. c3 0-0 6. Nbd2 d6 7. Bb3 Na5 8. Bc2 c5 9. 0-0 Bg4 10. Re1 b5 11. h3 Bh5 12. Nf1 Qc7 13. Ng3 Bg6 14. Qe2 Rac8 15. Nh4 Rfe8 16. Nhf5 Bf8 17. Bg5 Nd7 18. h4 f6 19. Bd2 c4 20. h5 Bf7 21. Qg4 Kh8 22. d4 Nc6 23. Re3 Ne7 24. Nxe7 Rxe7 25. d5 g6 26. hxg6 Bxg6 27. Nf5 Bxf5 28. Qxf5 Bh6 29. Re2 Bxd2 30. Rxd2 Rg8 31. Qf3 Reg7 32. g3 Rg6 33. a4 Qb6 34. Kg2 bxa4 35. Rxa4 Qxb2 36. Rxa7 Nf8 37. Qe3 Rg5 38. Bd1 Qb8 39. Rda2 Ng6 40. Kf1 Qc8 41. Bf3 Qh3+ 42. Ke2 Qh2 43. Ra1 Rxg3 44. Rh1 Qxh1 45. Bxh1 Rxe3+ 46. fxe3 Nh4 47. Rd7 Rb8 48. Kf2 Rb3 49. Kg3 Ng6 50. Kg4 Rb1 51. Bf3 Rg1+ 52. Kh3 Re1 53. Rxd6 Kg7 54. Rd7+ Kh6 55. Rc7 Rxe3 56. Kg4 Rxc3 57. Bd1 Rc1 58. Ba4 Rg1+ 59. Kf3 f5 60. Kf2 Ra1 61. d6 Ra2+ 62. Ke1 Nf8 63. Rxc4 Kg5 64. Bc6 h5 65. exf5 Kxf5 66. d7 Nxd7 67. Bxd7+ Kg5 68. Be6 Rb2 69. Bd5 h4 70. Be6 1/2-1/2

[Event "Venice op"]
[Site "Venice"]
[Date "1997.??.??"]
[Round "3"]
[White "Ferretti, Folco"]
[Black "Bracaglia, Carlo"]
[Result "1-0"]
[WhiteElo "2255"]
[BlackElo "2110"]
[PlyCount "59"]
[EventDate "1997.??.??"]
[EventType "swiss"]
[EventRounds "6"]
[EventCountry "ITA"]
[SourceTitle "EXT 2001"]
[Source "ChessBase"]
[SourceDate "2000.11.22"]
[SourceVersion "1"]
[SourceVersionDate "2000.11.22"]
[SourceQuality "1"]

1. e4 e5 2. Nf3 d6 3. d4 exd4 4. Nxd4 g6 5. Nc3 Bg7 6. Be3 Nf6 7. f3 0-0 8. Qd2 Nc6 9. 0-0-0 Nxd4 10. Bxd4 Be6 11. g4 c5 12. Be3 Qa5 13. Kb1 b5 14. Bh6 b4 15. Nd5 Bxd5 16. exd5 Rfe8 17. Bxg7 Kxg7 18. h4 Re5 19. Bc4 Rae8 20. h5 Qd8 21. hxg6 fxg6 22. Qh6+ Kg8 23. g5 Nh5 24. f4 Re4 25. Bd3 Qe7 26. f5 Re1 27. Rhxe1 Qxe1 28. Rc1 Nf4 29. f6 Nh5 30. Bxg6 1-0

[Event "Marostica op"]
[Site "Marostica"]
[Date "1997.??.??"]
[Round "1"]
[White "Passerotti, Pierluigi"]
[Black "Bracaglia, Carlo"]
[Result "1/2-1/2"]
[WhiteElo "2300"]
[BlackElo "2110"]
[PlyCount "62"]
[EventDate "1997.??.??"]
[EventType "swiss"]
[EventRounds "9"]
[EventCountry "ITA"]
[SourceTitle "EXT 2000"]
[Source "ChessBase"]
[SourceDate "1999.11.16"]
[SourceVersion "1"]
[SourceVersionDate "1999.11.16"]
[SourceQuality "1"]

1. d4 c5 2. e3 Nf6 3. Nf3 e6 4. Bd3 b6 5. Nbd2 Bb7 6. 0-0 Be7 7. Qe2 0-0 8. c3 d6 9. e4 Nc6 10. e5 Nd5 11. Ne4 dxe5 12. dxe5 Qc7 13. Ng3 Rad8 14. Qe4 g6 15. Bh6 Nxc3 16. bxc3 Nb4 17. Bxf8 Bxf8 18. Qh4 Nxd3 19. Ng5 h6 20. N5e4 Nxe5 21. Nf6+ Kh8 22. Rad1 Nd3 23. Ng4 c4 24. Nxh6 Bxh6 25. Qxh6+ Kg8 26. Qg5 Rd5 27. Qe3 Re5 28. Qd4 Qc6 29. f3 Rd5 30. Qe3 Re5 31. Qd4 Rd5 1/2-1/2

[Event "Montecatini Terme op"]
[Site "Montecatini Terme"]
[Date "1995.??.??"]
[Round "?"]
[White "Sulava, Nenad"]
[Black "Bracaglia, Carlo"]
[Result "1-0"]
[WhiteElo "2390"]
[BlackElo "2115"]
[PlyCount "79"]
[EventDate "1995.07.??"]
[EventType "swiss"]
[EventRounds "9"]
[EventCountry "ITA"]
[SourceTitle "EXT 1997"]
[Source "ChessBase"]
[SourceDate "1996.11.15"]
[SourceVersion "1"]
[SourceVersionDate "1996.11.15"]
[SourceQuality "1"]

1. d4 Nf6 2. c4 c5 3. d5 e6 4. Nc3 exd5 5. cxd5 d6 6. Nf3 g6 7. h3 a6 8. a4 Bg7 9. e4 0-0 10. Bd3 Re8 11. 0-0 Nbd7 12. Re1 Qc7 13. Bf4 Nh5 14. Bh2 Ne5 15. Be2 Nxf3+ 16. Bxf3 Nf6 17. e5 dxe5 18. d6 Qb6 19. Bxe5 Be6 20. Qd2 Rad8 21. a5 Qa7 22. Na4 Nd7 23. Bxg7 Kxg7 24. b4 c4 25. Nc5 Kg8 26. Qd4 b6 27. Nxe6 fxe6 28. Bc6 Qb8 29. axb6 e5 30. Qxc4+ Kg7 31. Rxa6 Qxd6 32. Ra7 Re7 33. Qb5 Qd2 34. Qe2 Qxb4 35. Rxd7 Rexd7 36. Bxd7 Qxb6 37. Bg4 Qf6 38. Bf3 h5 39. Be4 Rd6 40. Qf3 1-0